Tindjauan tentang tempat kediaman orang jang beragama Islam di Minahasa [oleh] J. N. Bhatta. (Record no. 59261)
[ view plain ]
| 000 -LEADER | |
|---|---|
| fixed length control field | 00986cam a22002531 4500 |
| 001 - CONTROL NUMBER | |
| control field | sa 64005678 |
| 003 - CONTROL NUMBER IDENTIFIER | |
| control field | DLC |
| 005 - DATE AND TIME OF LATEST TRANSACTION | |
| control field | 20260227112034.0 |
| 008 - FIXED-LENGTH DATA ELEMENTS--GENERAL INFORMATION | |
| fixed length control field | 800205s1958 io ab b 000 0aeng |
| 010 ## - LIBRARY OF CONGRESS CONTROL NUMBER | |
| LC control number | sa 64005678 |
| 040 ## - CATALOGING SOURCE | |
| Original cataloging agency | DLC |
| Transcribing agency | DLC |
| Modifying agency | DLC |
| 041 0# - LANGUAGE CODE | |
| Language code of text/sound track or separate title | engind |
| 043 ## - GEOGRAPHIC AREA CODE | |
| Geographic area code | a-io--- |
| 050 00 - LIBRARY OF CONGRESS CALL NUMBER | |
| Classification number | G58 |
| Item number | .I45 no. 8 |
| Classification number | DS646.49.M56 |
| 100 1# - MAIN ENTRY--PERSONAL NAME | |
| Personal name | Bhatta, Jitendra Nath, |
| Dates associated with a name | 1931- |
| 245 10 - TITLE STATEMENT | |
| Title | Tindjauan tentang tempat kediaman orang jang beragama Islam di Minahasa [oleh] J. N. Bhatta. |
| Remainder of title | Observations on the Muslim settlements of Minahasa. |
| 260 ## - PUBLICATION, DISTRIBUTION, ETC. | |
| Place of publication, distribution, etc. | Djakarta, |
| Name of publisher, distributor, etc. | Kementerian Pertahanan, Direktorat Topografi Angkatan Darat, Balai Geografi, |
| Date of publication, distribution, etc. | 1958. |
| 300 ## - PHYSICAL DESCRIPTION | |
| Extent | 23 p. |
| Other physical details | illus., 4 fold. maps. |
| Dimensions | 29 cm. |
| 410 20 - SERIES STATEMENT/ADDED ENTRY--CORPORATE NAME [OBSOLETE, CAN/MARC], [LOCAL, USA] | |
| Corporate name or jurisdiction name as entry element | Balai Geografi. |
| Title of a work | Publikasi |
| Volume number/sequential designation | no. 8 |
| 504 ## - BIBLIOGRAPHY, ETC. NOTE | |
| Bibliography, etc. note | Bibliography: p. 23. |
| 650 #0 - SUBJECT ADDED ENTRY--TOPICAL TERM | |
| Topical term or geographic name entry element | Muslims |
| Geographic subdivision | Indonesia |
| -- | Minahasa Peninsula. |
| 651 #0 - SUBJECT ADDED ENTRY--GEOGRAPHIC NAME | |
| Geographic name | Minahasa Peninsula (Indonesia) |
| General subdivision | Social life and customs. |
| 740 0# - ADDED ENTRY--UNCONTROLLED RELATED/ANALYTICAL TITLE | |
| Uncontrolled related/analytical title | Observations on the Muslim settlements of Minahasa. |
No items available.